UM Logo

Cues to generality : (Record no. 23369)

MARC details
000 -LEADER
fixed length control field 00872nam a22002177a 4500
003 - CONTROL NUMBER IDENTIFIER
control field OSt
005 - DATE AND TIME OF LATEST TRANSACTION
control field 20260304113755.0
008 - FIXED-LENGTH DATA ELEMENTS--GENERAL INFORMATION
fixed length control field 250130b |||||||| |||| 00| 0 eng d
040 ## - CATALOGING SOURCE
Transcribing agency 0
082 ## - DEWEY DECIMAL CLASSIFICATION NUMBER
Classification number DPer 370.15 J826 October-November 2023 v. 115 n. 7-8
100 ## - MAIN ENTRY--PERSONAL NAME
Personal name Menendez, David.
Relator term author.
9 (RLIN) 64794
245 ## - TITLE STATEMENT
Title Cues to generality :
Remainder of title integrating linguistic and visual information when generalizing biological information /
Statement of responsibility, etc. David Menendez.
260 ## - PUBLICATION, DISTRIBUTION, ETC. (IMPRINT)
Place of publication, distribution, etc. Washington, DC ;
Name of publisher, distributor, etc. American Psychological Association ,
Date of publication, distribution, etc. November 2023.
300 ## - PHYSICAL DESCRIPTION
Extent Volume 115, pages 1110-1124 :
Other physical details illustration ;
Dimensions 28 cm.
500 ## - GENERAL NOTE
General note Journal of Educational Psychology, vol. 115, no. 8, pages 1110-1124, November 2023.
650 #0 - SUBJECT ADDED ENTRY--TOPICAL TERM
Topical term or geographic name as entry element Cues.
9 (RLIN) 64993
650 #0 - SUBJECT ADDED ENTRY--TOPICAL TERM
Topical term or geographic name as entry element Generalization.
9 (RLIN) 64994
650 #0 - SUBJECT ADDED ENTRY--TOPICAL TERM
Topical term or geographic name as entry element Visual perception.
9 (RLIN) 511
700 ## - ADDED ENTRY--PERSONAL NAME
Personal name Menendez, David.
Relator term author.
9 (RLIN) 64794
942 ## - ADDED ENTRY ELEMENTS (KOHA)
Source of classification or shelving scheme Dewey Decimal Classification
Koha item type Periodicals
Holdings
Withdrawn status Lost status Source of classification or shelving scheme Damaged status Not for loan Collection code Home library Current library Date acquired Total Checkouts Full call number Date last seen Price effective from Koha item type Public note
    Dewey Decimal Classification     Periodicals UM Digos College - LIC UM Digos College - LIC 01/30/2025   DPer 370.15 J826 October-November 2023 v. 115 n. 7-8 01/30/2025 01/30/2025 Periodicals Periodical Article